2021-22 UEFA Champions League Results - Statistics

General Stats
  • This quiz has been taken 2,495 times
  • The average score is 25 of 32
Answers on the Map
Answers color-coded by a green-red scale on the quiz's map according to % correct below.
 
Answer Stats
Club % Correct
๐Ÿ‡ช๐Ÿ‡ธ Real Madrid
99%
๐Ÿด๓ ง๓ ข๓ ฅ๓ ฎ๓ ง๓ ฟ Liverpool
98%
๐Ÿด๓ ง๓ ข๓ ฅ๓ ฎ๓ ง๓ ฟ Manchester City
98%
๐Ÿ‡ฉ๐Ÿ‡ช Bayern Munich
96%
๐Ÿด๓ ง๓ ข๓ ฅ๓ ฎ๓ ง๓ ฟ Chelsea
95%
๐Ÿ‡ฎ๐Ÿ‡น Inter Milan
95%
๐Ÿ‡ซ๐Ÿ‡ท Paris Saint-Germain
95%
๐Ÿ‡ช๐Ÿ‡ธ Barcelona
93%
๐Ÿ‡ฎ๐Ÿ‡น AC Milan
92%
๐Ÿ‡ช๐Ÿ‡ธ Atlรฉtico Madrid
92%
๐Ÿด๓ ง๓ ข๓ ฅ๓ ฎ๓ ง๓ ฟ Manchester United
92%
๐Ÿ‡ฉ๐Ÿ‡ช Borussia Dortmund
91%
๐Ÿ‡ฎ๐Ÿ‡น Juventus
91%
๐Ÿ‡ณ๐Ÿ‡ฑ Ajax
88%
๐Ÿ‡ต๐Ÿ‡น Benfica
88%
๐Ÿ‡ต๐Ÿ‡น Porto
87%
๐Ÿ‡ช๐Ÿ‡ธ Villarreal
77%
๐Ÿ‡ฉ๐Ÿ‡ช RB Leipzig
76%
๐Ÿ‡ต๐Ÿ‡น Sporting CP
76%
๐Ÿ‡ช๐Ÿ‡ธ Sevilla
74%
๐Ÿ‡ซ๐Ÿ‡ท Lille
73%
๐Ÿ‡ฎ๐Ÿ‡น Atalanta
72%
๐Ÿ‡ง๐Ÿ‡ช Club Brugge
66%
๐Ÿ‡บ๐Ÿ‡ฆ Shakhtar Donetsk
64%
๐Ÿ‡ฆ๐Ÿ‡น Red Bull Salzburg
61%
๐Ÿ‡บ๐Ÿ‡ฆ Dynamo Kyiv
57%
๐Ÿ‡จ๐Ÿ‡ญ Young Boys
55%
๐Ÿ‡ท๐Ÿ‡บ Zenit Saint Petersburg
53%
๐Ÿ‡น๐Ÿ‡ท BeลŸiktaลŸ
51%
๐Ÿ‡ธ๐Ÿ‡ช Malmรถ
48%
๐Ÿ‡ฒ๐Ÿ‡ฉ Sheriff
47%
๐Ÿ‡ฉ๐Ÿ‡ช Wolfsburg
40%
No matching quizzes found
Score Distribution
Percent of People with Each Score
Percentile by Number Answered
Your Score History
You have not taken this quiz